000 00258nam a22001097a 4500
999 _c169077
_d169077
082 _a
_b
100 _aTomoko Kikuchi
245 _aMahadevi Verma ki vishvadrishti/
_cby Tomoko Kikuchi.
260 _a
_bParameswaran,
_c 2009.
650 _a
942 _cBK